ბათუმის შოთა რუსთაველის სახელმწიფო უნივერსიტეტის ბიბლიოთეკა

კურკოვანი კულტურების გუმოზი საქართველოში (ბიბ.ჩანაწერი № 44589)

000 -LEADER
fixed length control field 00855nam a2200217Ia 4500
001 - CONTROL NUMBER
control field 11392
003 - CONTROL NUMBER IDENTIFIER
control field GE_BSU
008 - FIXED-LENGTH DATA ELEMENTS--GENERAL INFORMATION
fixed length control field 181216s||||||||xx |||||||||||||| ||und||
040 ## - CATALOGING SOURCE
Transcribing agency GE_BSU
080 ## - UNIVERSAL DECIMAL CLASSIFICATION NUMBER
Universal Decimal Classification number 634.2(479.22)
100 ## - MAIN ENTRY--PERSONAL NAME
Personal name წაქაძე თ.
245 ## - TITLE STATEMENT
Title კურკოვანი კულტურების გუმოზი საქართველოში
245 ## - TITLE STATEMENT
Statement of responsibility, etc. საზ. რედ: ლ. ყანჩაველი, მხატვ: ს. რამიშვილი
260 ## - PUBLICATION, DISTRIBUTION, ETC.
Place of publication, distribution, etc. თბილისი.
260 ## - PUBLICATION, DISTRIBUTION, ETC.
Name of publisher, distributor, etc. საბჭოთა საქართველო.
260 ## - PUBLICATION, DISTRIBUTION, ETC.
Date of publication, distribution, etc. 1970
300 ## - PHYSICAL DESCRIPTION
Extent 102გვ.20სმ.
300 ## - PHYSICAL DESCRIPTION
Accompanying material ილ.ცხრილები
653 ## - INDEX TERM--UNCONTROLLED
Uncontrolled term კურკოვანი კულტურების გუმოზი საქართველოში
942 ## - ADDED ENTRY ELEMENTS (KOHA)
Koha item type წიგნი
ეგზემპლარები
Withdrawn status Lost status Damaged status Not for loan Date acquired Barcode Date last seen Price effective from Koha item type
        2018-12-17 19944 2018-12-17 2018-12-17 წიგნი
        2018-12-17 19945 2018-12-17 2018-12-17 წიგნი
        2018-12-17 19946 2018-12-17 2018-12-17 წიგნი
        2018-12-17 19947 2018-12-17 2018-12-17 წიგნი
        2018-12-17 19948 2018-12-17 2018-12-17 წიგნი
        2018-12-17 19949 2018-12-17 2018-12-17 წიგნი